|
|
|
|
| LEADER |
00674 a2200169 4500 |
| 008 |
140920b xxu||||| |||| 00| 0 eng d |
| 020 |
|
|
|a 9780415187695
|
| 082 |
|
|
|a 304.2091732
|
| 245 |
|
|
|a Consuming cities :
|b the urban environment in the global economy after the Rio Declaration /
|c edited by Nicholas Low...et al.
|
| 260 |
|
|
|c 2000
|b Routledge
|
| 300 |
|
|
|a xiii, 315p. ;
|c 24 cm.
|
| 650 |
|
|
|a Sustainable development
|
| 650 |
|
|
|a Urban ecology (Sociology)
|
| 700 |
|
|
|a Low, Nicholas.
|e editor.
|
| 942 |
|
|
|2 ddc
|c BK
|
| 999 |
|
|
|c 102635
|d 102635
|
| 952 |
|
|
|0 0
|1 0
|4 0
|6 304_209173200000000_CON
|7 0
|9 103374
|a UL
|b UL
|c ST1
|d 2013-09-23
|e 2
|g 3093.86
|l 0
|o 304.2091732 CON
|p 90964
|r 2014-02-12
|v 4419.80
|y BK
|